LIBRARY & INFORMATION CENTRE, KCAET, TAVANUR

ONLINE PUBLIC ACCESS CATALOGUE (OPAC)

Inroductory Hydroinformatics (Record no. 15579)

MARC details
000 -LEADER
fixed length control field 00366nam a22001457a 4500
003 - CONTROL NUMBER IDENTIFIER
control field OSt
008 - FIXED-LENGTH DATA ELEMENTS--GENERAL INFORMATION
fixed length control field 190517b ||||| |||| 00| 0 eng d
020 ## - INTERNATIONAL STANDARD BOOK NUMBER
ISBN 9789387973091
082 ## - DEWEY DECIMAL CLASSIFICATION NUMBER
Classification number 551.48
Item number KAL/IN
100 ## - MAIN ENTRY--AUTHOR NAME
Personal name Kale, M U
245 ## - TITLE STATEMENT
Title Inroductory Hydroinformatics
260 ## - PUBLICATION, DISTRIBUTION, ETC. (IMPRINT)
Place of publication New Delhi
Name of publisher New india Publishing Agency
Year of publication 2018
300 ## - PHYSICAL DESCRIPTION
Number of Pages 149 p.
942 ## - ADDED ENTRY ELEMENTS (KOHA)
Koha item type Books
Holdings
Withdrawn status Lost status Damaged status Collection code Home library Current library Shelving location Date acquired Cost, normal purchase price Full call number Accession Number Koha item type
      Non-fiction KAUAET KAUAET General Stacks 17/05/2019 2100.00 551.48 KAL/IN 25793 Books
free website counter